| 000 | nam a22 a 4500 | ||
|---|---|---|---|
| 999 |
_c390344 _d390344 |
||
| 003 | BLK | ||
| 005 | 20201021123926.0 | ||
| 008 | 180409b bul|||||r ||||||| ||bul|| | ||
| 010 | _aKNG00140128000 | ||
| 040 | _aBLK | ||
| 041 |
_aRUS _cRUS |
||
| 080 |
_aРуска литература _b821.161.1 _z821.161.1-1 _x-1 |
||
| 100 |
_aАксаков, Иван Сергеевич _eпърви автор _9435447 |
||
| 245 |
_aСборник стихотворений _cИ. С. Аксаков |
||
| 250 | _a2. изд. | ||
| 257 | _aRUS | ||
| 260 |
_c1886 _fтип. М. Г. Волчанинова _aМосква |
||
| 300 |
_a176 с., ІV _b1 л. портр. _c19 см |
||
| 380 | _aX | ||
| 490 |
_9435080 _aКолекция Редки и ценни издания |
||
| 852 |
_aРр 886 _bРц |
||
| 856 | 4 | _qpdf | |
| 856 | 4 | _qpdf | |
| 942 |
_cKNG _n0 _s1 |
||
| 944 |
_aCR _c2020-10-21 _kВЙ |
||
| 999 | _d390344 | ||